000 00452nam a2200193 a 4500
001 1758522272915
003 ACL
005 20250922115631.0
008 250922s2003##################000#0#eng##
020 _a9780419252207
082 0 4 _a796
_bBAL
100 1 _aBale, John,
_eauthor.
245 1 0 _aSports Geography :
260 _bPsychology Press,
_c2003.
300 _a6 pages
650 0 _aScience.
942 _cENGLISH
040 _aACL
_beng
_cACL
999 _c588769
_d588769